Un invierno propio : (Record no. 193496)

MARC details
000 -LEADER
campo de control de longitud fija 01341nam a2200361 i 4500
001 - NÚMERO DE CONTROL
campo de control 193496
003 - IDENTIFICADOR DE NÚMERO DE CONTROL
campo de control SpMaBN
005 - FECHA Y HORA DE LA ÚLTIMA TRANSACCIÓN
campo de control 20240906173342.0
007 - CAMPO FIJO DE DESCRIPCIÓN FÍSICA--INFORMACIÓN GENERAL
campo de control de longitud fija ta
008 - DATOS DE LONGITUD FIJA--INFORMACIÓN GENERAL
campo de control de longitud fija 240102s2011 sp a | |||| 000 p spa
017 ## - NÚMERO DE COPYRIGHT O DE DEPÓSITO LEGAL
Número de copyright o de depósito legal M 3197-2011
Agencia que asigna Oficina Depósito Legal Madrid
020 ## - NÚMERO INTERNACIONAL ESTÁNDAR DEL LIBRO
Número Internacional Estándar del Libro 9788498950656
035 ## - NÚMERO DE CONTROL DEL SISTEMA
Número de control de sistema (OCoLC)776737348
035 ## - NÚMERO DE CONTROL DEL SISTEMA
Número de control de sistema a5047512
040 ## - FUENTE DE CATALOGACIÓN
Centro catalogador/agencia de origen SpMaBN
Lengua de catalogación spa
Centro/agencia transcriptor SpMaBN
Normas de descripción rdc
Centro/agencia modificador ES-MaACL
080 ## - NÚMERO DE LA CLASIFICACIÓN DECIMAL UNIVERSAL
Número de la Clasificación Decimal Universal 821.134.2-14"19"
100 1# - ENTRADA PRINCIPAL--NOMBRE DE PERSONA
Nombre de persona García Montero, Luis,
Fechas asociadas al nombre 1958-
Número de control del registro de autoridad o número normalizado XX934748
Término indicativo de función/relación Autor
9 (RLIN) 54978
245 13 - MENCIÓN DEL TÍTULO
Título Un invierno propio :
Resto del título (consideraciones) /
Mención de responsabilidad, etc. Luis García Montero
260 ## - PUBLICACIÓN, DISTRIBUCIÓN, ETC.
Lugar de publicación, distribución, etc. Madrid :
Nombre del editor, distribuidor, etc. Visor Libros,
Fecha de publicación, distribución, etc. D.L. 2011.
300 ## - DESCRIPCIÓN FÍSICA
Extensión 176 p. :
Otras características físicas retrato ;
Dimensiones 23 cm
336 ## - TIPO DE CONTENIDO
Fuente rdacontent
Término de tipo de contenido Texto
337 ## - TIPO DE MEDIO
Fuente rdamedia
Nombre/término del tipo de medio sin mediación
338 ## - TIPO DE SOPORTE
Fuente rdacarrier
Nombre/término del tipo de soporte volumen
490 1# - MENCIÓN DE SERIE
Mención de serie Palabra de honor ;
Designación de volumen o secuencia n. 15
655 #7 - TERMINO DE INDIZACIÓN--GENERO/FORMA
Datos o término principal de género/forma Poesías
Fuente del término tgfbne
9 (RLIN) 176539
830 #0 - PUNTO DE ACCESO ADICIONAL DE SERIE-TÍTULO UNIFORME
Título uniforme Palabra de honor (Madrid) ;
Designación de volumen o secuencia 15
9 (RLIN) 234801
852 ## - LOCALIZACIÓN
Ubicación ES-MaACL
Sublocalización o colección R.154811
Ubicación en estantería Depósito J
Número de control de estantería N-9675
Donativo/Legado Donación: José Lázaro García
itemnumber 200976
Encuadernación Encuadernación cartoné con sobrecubiertas
903 ## - NOMBRE PERSONAL DE DONANTE
9 234219
a Lázaro García, José
e Donante
942 ## - ELEMENTOS DE ENTRADA SECUNDARIOS (KOHA)
Suprimir en OPAC No
Tipo de ítem Koha Libro impreso
Holdings
Estatus retirado Estado de pérdida Fuente del sistema de clasificación o colocación Estado de daño No para préstamo Biblioteca de origen Biblioteca actual Ubicación en estantería Fecha de adquisición Fuente de adquisición Total de préstamos Signatura topográfica completa Código de barras Visto por última vez Precio de reemplazo Tipo de ítem Koha
    Clasificación decimal universal     Biblioteca del Ateneo de Madrid Biblioteca del Ateneo de Madrid Depósito J 18/11/2023 Donación   N-9675 101206256 02/01/2024 02/01/2024 Libro impreso